Letecká rizika a provozní rozhodování v souvislosti s COVID-19

Spôsob, akým Covid-19 ovplyvnil rizikový profil leteckého priemyslu a aký dopad mal na poistenie. Prehľad kľúčových prevádzkových problémov, ktoré poisťovatelia, makléri i poistenci, teda letecký prevádzkovatelia, museli začať posudzovať a riešiť.

Salvato in:
Dettagli Bibliografici
Autore principale: Kulhová, Hana
Natura: Capitolo di libro
Lingua:ceco
Soggetti:
Tags: Aggiungi Tag
Nessun Tag, puoi essere il primo ad aggiungerne!!

MARC

LEADER 00000naa a2200000 4500
001 0272609
005 20210317111342.0
041 0 |a cze 
044 |a CZ 
245 1 0 |a Letecká rizika a provozní rozhodování v souvislosti s COVID-19  |c Hana Kulhová 
520 |a Spôsob, akým Covid-19 ovplyvnil rizikový profil leteckého priemyslu a aký dopad mal na poistenie. Prehľad kľúčových prevádzkových problémov, ktoré poisťovatelia, makléri i poistenci, teda letecký prevádzkovatelia, museli začať posudzovať a riešiť. 
610 2 0 |a priemysel letecký 
610 2 0 |a doprava letecká 
610 2 0 |a poisťovníctvo 
610 2 0 |a koronavírus 
610 2 0 |a pandémia 
100 1 |a Kulhová, Hana